ბათუმის შოთა რუსთაველის სახელმწიფო უნივერსიტეტის ბიბლიოთეკა

ტრფობა წამებული (ბიბ.ჩანაწერი № 49825)

000 -LEADER
fixed length control field 00745nam a2200229Ia 4500
001 - CONTROL NUMBER
control field 16760
003 - CONTROL NUMBER IDENTIFIER
control field GE_BSU
008 - FIXED-LENGTH DATA ELEMENTS--GENERAL INFORMATION
fixed length control field 181216s||||||||xx |||||||||||||| ||und||
040 ## - CATALOGING SOURCE
Transcribing agency GE_BSU
080 ## - UNIVERSAL DECIMAL CLASSIFICATION NUMBER
Universal Decimal Classification number 821.353.1-311.6
100 ## - MAIN ENTRY--PERSONAL NAME
Personal name ბარნოვი, ვასილ (1856-1934)
245 ## - TITLE STATEMENT
Title ტრფობა წამებული
245 ## - TITLE STATEMENT
Remainder of title ისტორიული რომანი
245 ## - TITLE STATEMENT
Statement of responsibility, etc. რედ.ზ.ფირცხალაიშვილი
260 ## - PUBLICATION, DISTRIBUTION, ETC.
Place of publication, distribution, etc. ბათუმი
260 ## - PUBLICATION, DISTRIBUTION, ETC.
Name of publisher, distributor, etc. საბჭ. აჭარა
260 ## - PUBLICATION, DISTRIBUTION, ETC.
Date of publication, distribution, etc. 1984
300 ## - PHYSICAL DESCRIPTION
Extent 311გვ. ; 20სმ
653 ## - INDEX TERM--UNCONTROLLED
Uncontrolled term ისტორიული რომანი
653 ## - INDEX TERM--UNCONTROLLED
Uncontrolled term ტრფობა წამებული
942 ## - ADDED ENTRY ELEMENTS (KOHA)
Koha item type წიგნი
ეგზემპლარები
Withdrawn status Lost status Damaged status Not for loan Date acquired Barcode Date last seen Price effective from Koha item type
        2018-12-17 22189 2018-12-17 2018-12-17 წიგნი
        2018-12-17 22190 2018-12-17 2018-12-17 წიგნი